Armenia. - 11.évf. (1897) 1. sz.

Elmentve itt :
Bibliográfiai részletek
Dokumentumtípus: Folyóirat
Megjelent: 1897
Sorozat:Armenia : magyar-örmény havi szemle 11 No. 1
Online Access:http://misc.bibl.u-szeged.hu/48396
LEADER 00460nas a2200133 i 4500
001 misc48396
005 20200409155022.0
008 200409s1897 hu o 0|| zxx d
040 |a SZTE Miscellanea Repozitórium  |b hun 
041 |a zxx 
245 0 0 |a Armenia. - 11.évf. (1897) 1. sz.  |h [elektronikus dokumentum] 
260 |c 1897 
490 0 |a Armenia : magyar-örmény havi szemle  |v 11 No. 1 
856 4 0 |u http://misc.bibl.u-szeged.hu/48396/1/armenia_1897_001.pdf  |z Dokumentum-elérés